Székkutas költözik az új vezető

Elmentve itt :
Bibliográfiai részletek
Dokumentumtípus: Cikk
Megjelent: 2010-10-08
Sorozat:Délmagyarország 100 No. 235
Kulcsszavak:Szél István, Székkutas, Polgármester
Online Access:http://dmarchiv.bibl.u-szeged.hu/143482
LEADER 00434nab a2200145 i 4500
001 delm143482
005 20200204142112.0
008 200204s2010 hu o 0|| hun d
040 |a SZTE Délmagyarország Archívum  |b hun 
041 |a hun 
245 0 0 |a Székkutas költözik az új vezető  |h [elektronikus dokumentum] 
260 |c 2010-10-08 
300 |a 6 
490 0 |a Délmagyarország  |v 100 No. 235 
695 |a Szél István, Székkutas, Polgármester